00432nam a2200145 i 4500001000300000245004500003260001000048040000800058041000800066942000700074008004100081999001700122856009800139952004900237bg 0aEncyclopedia of the geological sciences. c1978. cBPK apol cKS s pl f |000 0 pol  c18290d18290 uhttp://koha.tu.koszalin.pl/cgi-bin/koha/opac-detail.pl?biblionumber=18290yKatalog online BPK 00104070aBPKbBPKcwo24227p01289220yKS